Igualdad y valoración de méritos en la educación costarricense /
Na minha lista:
| Autor principal: | |
|---|---|
| Formato: | Livro |
| Idioma: | Spanish |
| Tags: |
Adicionar Tag
Sem tags, seja o primeiro a adicionar uma tag!
|
MARC
| LEADER | 00000nam a22000007a 4500 | ||
|---|---|---|---|
| 003 | cru CIDCACS/IIS | ||
| 005 | 20170728062528.0 | ||
| 007 | ta | ||
| 008 | 170726t1998 cr ||||| |||| 00| 0 spa d | ||
| 999 | |c 19490 |d 19490 | ||
| 040 | |c cru CIDCACS/IIS | ||
| 100 | 1 | |9 5038 |a Del Vecchio Ugalde, Janina | |
| 245 | 1 | |a Igualdad y valoración de méritos en la educación costarricense / |c Del Vecchio de Bouzón, Janina | |
| 300 | |a páginas 7-24 | ||
| 773 | 0 | |0 19488 |9 1056 |a Universidad de Costa Rica |d San José, Costa Rica: Editorial Universidad de Costa Rica, 1977- |o 18146 |t Educación: |x 03797082 | |
| 942 | |2 ddc |c PP | ||
